Begriffsschrift und andere Aufsèatze / (Record no. 106374)

MARC details
000 -LEADER
campo de control de longitud fija 00896nam a2200277 i 4500
001 - NÚMERO DE CONTROL
campo de control 106374
003 - IDENTIFICADOR DE NÚMERO DE CONTROL
campo de control ES-MaACL
005 - FECHA Y HORA DE LA ÚLTIMA TRANSACCIÓN
campo de control 20250903014138.0
007 - CAMPO FIJO DE DESCRIPCIÓN FÍSICA--INFORMACIÓN GENERAL
campo de control de longitud fija t|
008 - DATOS DE LONGITUD FIJA--INFORMACIÓN GENERAL
campo de control de longitud fija 061103s1977 gw ||||1| ger d
020 ## - NÚMERO INTERNACIONAL ESTÁNDAR DEL LIBRO
Número Internacional Estándar del Libro 3-487-00623-5
080 ## - NÚMERO DE LA CLASIFICACIÓN DECIMAL UNIVERSAL
Número de la Clasificación Decimal Universal 164
080 ## - NÚMERO DE LA CLASIFICACIÓN DECIMAL UNIVERSAL
Número de la Clasificación Decimal Universal 510.2
100 1# - ENTRADA PRINCIPAL--NOMBRE DE PERSONA
Nombre de persona Frege, Gottlob.
9 (RLIN) 52439
245 10 - MENCIÓN DEL TÍTULO
Título Begriffsschrift und andere Aufsèatze /
Mención de responsabilidad, etc. Gottlob Frege ; herausgegeben von Ignacio Angelelli.
250 ## - MENCION DE EDICION
Mención de edición 2. aufl.
260 ## - PUBLICACIÓN, DISTRIBUCIÓN, ETC.
Lugar de publicación, distribución, etc. Hildesheim :
Nombre del editor, distribuidor, etc. Georg Olms,
Fecha de publicación, distribución, etc. 1977.
300 ## - DESCRIPCIÓN FÍSICA
Extensión XVI, 124 p. ;
Dimensiones 22 cm.
500 ## - NOTA GENERAL
Nota general Reprod. facs. de la ed. de: Halle : Verlag von Louis Nebert, 1879.
500 ## - NOTA GENERAL
Nota general Biblioteca Jacinto Martínez Lacalle.
650 #7 - PUNTO DE ACCESO ADICIONAL DE MATERIA--TÉRMINO DE MATERIA
Término de materia o nombre geográfico como elemento de entrada Lógica matemática
Fuente del encabezamiento o término embne
9 (RLIN) 14697
650 14 - PUNTO DE ACCESO ADICIONAL DE MATERIA--TÉRMINO DE MATERIA
Término de materia o nombre geográfico como elemento de entrada Matemáticas-
Subdivisión general Filosofía
9 (RLIN) 14825
700 1# - ENTRADA AGREGADA--NOMBRE PERSONAL
Nombre de persona Angelelli, Ignacio.
9 (RLIN) 21712
852 ## - LOCALIZACIÓN
Ubicación ES-MaACL
Número de control de estantería E-11366
Sublocalización o colección R.139069
Holdings
Estatus retirado Estado de pérdida Estado de daño No para préstamo Biblioteca de origen Biblioteca actual Ubicación en estantería Fecha de adquisición Fuente de adquisición Total de préstamos Signatura topográfica completa Código de barras Visto por última vez Precio de reemplazo Tipo de ítem Koha
        Biblioteca del Ateneo de Madrid Biblioteca del Ateneo de Madrid Depósito 2 17/01/2008     E-11366 1111043 23/02/2023 23/02/2023 Libro impreso